000 01172nam a2200313 i 4500
003 DO-SdBNP
005 20251013080448.0
007 ta
008 240320b2011 dr ad||| |||| 00| 0 spa d
020 _a9789945868319
040 _aDO-SdBNP
_bspa
_cBNPHU
_erda
041 _aspa
082 4 _axxx
_bD325h
_222
100 1 _aDeive, Carlos Esteban,
_d1935-2019
_eautor
_4aut.
_91916
245 1 0 _aHonor y gloria :
_blos dominicanos en las guerras de independencia de Cuba /
_cCarlos Esteban Deive ; presentación, Manuel A. García Arévalo
264 1 _aSanto Domingo :
_bEditora Fundación García Arévalo,
_c2011.
300 _a433 páginas :
_bilustraciones, retratos ;
_c23 cm.
336 _atexto
_btxt
_2rdacontent
337 _asin mediación
_bn
_2rdamedia
338 _avolumen
_bnc
_2rdacarrier
490 _aColección Monográfica
_v32
500 _aIncluye índice onomástico
500 _aIncluye referencias bibliográficas y notas al pie de las páginas
504 _aBibliografía : páginas 411-419
590 _aInventariado, 2024/BT
700 1 _aGarcía Arévelo, Manuel A.,
_epresentación
_4pr.
_985075
910 _aBtavárez
942 _2ddc
_cLBS1
999 _c56156
_d56156